000 00543nam a22001697a 4500
003 OSt
005 20241107142654.0
008 241107b |||||||| |||| 00| 0 eng d
020 _a9780406037923
040 _cCentral University Library
245 _aThe All England Law Reports 1995 Vol.1
260 _aLondon
_bButterworths
_c1995
300 _axx, 1024 pages
_c23.5 cm
500 _aEditor-in-chief Peter Hutchesson LL. Barrister, New Zealand. Editor: Caroline Vandridge-Ames LLM
650 _2Law Reports
_xEngland
942 _2lcc
_cBK
_n0
999 _c820
_d820